000 00349nam a2200157Ia 4500
003 OSt
005 20240304115752.0
008 170523s9999 xx 000 0 und d
020 _a978-8120349964
040 _cIIMTU
100 _aSRINIVASAN- R
245 0 _aCASE STUDY IN MARKETING
260 _bNEW DELHI PHI
260 _c2000
942 _2ddc
_c02
999 _c890
_d890